Visualizzazione normale
Vista MARC
- Piovani Nicola
di Personal Name
Records bibliografici associati: 1
001 - CONTROL NUMBER
- control field: 46751
003 - CONTROL NUMBER IDENTIFIER
- control field: IT-RoPau
005 - DATE AND TIME OF LATEST TRANSACTION
- control field: 20151130213759.0
008 - FIXED-LENGTH DATA ELEMENTS
- fixed length control field: 151130|| aca||aabn | a|a d
040 ## - CATALOGING SOURCE
- Original cataloging agency: IT-RoPau
- Transcribing agency: IT-RoPau
100 ## - HEADING--PERSONAL NAME
- Personal name: Piovani Nicola
- Relator term: (musica)
- Miscellaneous information: Codice Musica SPICS: 18893
670 ## - SOURCE DATA FOUND
- Source citation: Work cat.: (IT-RoPau)106411: Fellini Federico Codice regista SPICS: 6747 37058, INTERVISTA INTERVISTA (Rif. Codice opera principale : 99780)